000 00425nam a22001217a 4500
082 _a200 THE
100 _aSidra Iqbal
_969992
245 _aTH-SOF-1659-Electrical and Optical Studies of Lithium and Cobalt co-doped ZnO Thin Films Fabricated by Pulsed Laser Deposition
260 _aISLAMABAD
_bNUST COLLEGE OF EME
_c2019
650 _aMS-ELECT-2016 MSTHESIS
700 _aSupervisor Dr. Saif Ullah Awan
_969699
942 _cCF
999 _c577054
_d577054